[Event "DOM-ch"]
[Site "Santo Domingo"]
[Date "2023.02.26"]
[Round "4"]
[White "Velez Espiritusantos, Brunildo E"]
[Black "Polanco Nunez, Yoel Estarling"]
[Result "0-1"]
[WhiteElo "1914"]
[BlackElo "2195"]
[PlyCount "98"]
[EventDate "2023.02.24"]
[EventType "swiss"]
[EventRounds "11"]
[EventCountry "DOM"]
[SourceTitle "CBM 213 Extra"]
[Source "ChessBase"]
[SourceDate "2023.05.31"]
[SourceVersion "1"]
[SourceVersionDate "2023.05.31"]
[SourceQuality "1"]

1. d4 Nf6 2. Bf4 d5 3. Nf3 c5 4. c3 Nc6 5. e3 Qb6 6. Qb3 c4 7. Qc2 Bf5 8. Qc1 Nh5 9. Be5 f6 10. Bg3 e5 11. dxe5 Nxg3 12. hxg3 Nxe5 13. Nxe5 fxe5 14. Nd2 0-0-0 15. Be2 Bc5 16. b4 cxb3 17. Nxb3 Kb8 18. Nxc5 Qxc5 19. Qb2 Rc8 20. Rc1 d4 21. Bf3 Rc7 22. exd4 exd4 23. 0-0 dxc3 24. Qe2 Rd8 25. Rfd1 Rxd1+ 26. Qxd1 a6 27. Qd8+ Ka7 28. Qg5 h6 29. Qf4 g5 30. Qa4 Qc4 31. Qe8 Qe6 32. Qa4 Qc4 33. Qe8 g4 34. Bd1 c2 35. Be2 Qe6 36. Qd8 Qd7 37. Qxd7 Rxd7 38. Bxg4 Bxg4 39. Rxc2 Rd1+ 40. Kh2 Rd5 41. f3 Bf5 42. Re2 h5 43. Re3 b5 44. a3 a5 45. Kg1 Kb6 46. Re7 b4 47. axb4 axb4 48. g4 hxg4 49. fxg4 Bc2 0-1

[Event "DOM-ch"]
[Site "Santo Domingo"]
[Date "2019.05.05"]
[Round "8"]
[White "Velez Espiritusantos, Brunildo E"]
[Black "Jaquez, Juan Manuel"]
[Result "0-1"]
[WhiteElo "1966"]
[BlackElo "2230"]
[PlyCount "188"]
[EventDate "2019.04.26"]
[EventType "swiss"]
[EventRounds "11"]
[EventCountry "DOM"]
[SourceTitle "CBM 190 Extra"]
[Source "ChessBase"]
[SourceDate "2019.07.15"]
[SourceVersion "1"]
[SourceVersionDate "2019.07.15"]
[SourceQuality "1"]

1. d4 Nf6 2. c4 e6 3. Nc3 Bb4 4. Bd2 0-0 5. Nf3 d5 6. e3 c5 7. cxd5 exd5 8. Be2 Nc6 9. 0-0 c4 10. Qc2 Re8 11. b3 Bxc3 12. Bxc3 b5 13. bxc4 bxc4 14. h3 Ne4 15. Nd2 Bf5 16. Nxe4 Bxe4 17. Qd1 Qg5 18. Bf3 f5 19. Bxe4 fxe4 20. Qg4 Qxg4 21. hxg4 Re6 22. Rab1 Rb8 23. Kh2 Kf7 24. Kg3 h6 25. Rxb8 Nxb8 26. Rb1 Rb6 27. Rxb6 axb6 28. f3 g5 29. Kf2 Ke6 30. Ke2 Nd7 31. Bb4 b5 32. Kd2 Kf7 33. Ke2 Nb8 34. a3 Nc6 35. Bc3 Ke6 36. Kf2 Kd6 37. Kg3 Kc7 38. f4 Kb6 39. f5 Kc7 40. Kf2 Kd7 41. Kg3 Ke7 42. Bd2 Kf6 43. Kh3 b4 44. axb4 Na7 45. Kg3 Nb5 46. Kf2 Ke7 47. Ke2 Kd7 48. Kd1 Nd6 49. Kc2 Kc6 50. Be1 Ne8 51. Bg3 Nf6 52. Be5 Nxg4 53. Kd2 h5 54. f6 Nh6 55. Kc3 Nf7 56. Bh2 h4 57. Kc2 Kb5 58. Kc3 Ka4 59. g4 Kb5 60. Bb8 h3 61. Bg3 Kc6 62. Kd2 Kd7 63. b5 Ke6 64. b6 Nd8 65. Be5 h2 66. Bxh2 Kxf6 67. Be5+ Ke6 68. Bc7 Nb7 69. Kc3 Kd7 70. Be5 Kc6 71. Bf6 Kxb6 72. Bxg5 Kc6 73. Kb4 Kd7 74. Bh4 Ke6 75. Be1 Nd6 76. Kc5 Nf7 77. Kb4 Ng5 78. Bg3 Nf3 79. Kc3 Kf6 80. Bf4 Ne1 81. Kd2 Nd3 82. Bh6 Nf2 83. g5+ Kg6 84. Ke2 Nh3 85. Bf8 Nxg5 86. Bb4 Kf5 87. Ba5 Kg4 88. Bc3 Kg3 89. Be1+ Kg2 90. Ba5 Nh3 91. Bd2 Ng1+ 92. Ke1 Nf3+ 93. Ke2 Nxd2 94. Kxd2 Kf2 0-1

[Event "Santo Domingo Independencia op 8th"]
[Site "Santo Domingo"]
[Date "2019.02.23"]
[Round "6"]
[White "Araujo Sanchez, Josue"]
[Black "Velez Espiritusantos, Brunildo E"]
[Result "1-0"]
[WhiteElo "2164"]
[BlackElo "1966"]
[PlyCount "54"]
[EventDate "2019.02.15"]
[EventType "swiss"]
[EventRounds "8"]
[EventCountry "DOM"]
[SourceTitle "CBM 189 Extra"]
[Source "ChessBase"]
[SourceDate "2019.06.03"]
[SourceVersion "1"]
[SourceVersionDate "2019.06.03"]
[SourceQuality "1"]

1. e4 d5 2. exd5 Qxd5 3. Nc3 Qa5 4. d4 c6 5. Nf3 Bf5 6. Ne5 Nf6 7. g4 Be6 8. Nc4 Bxc4 9. Bxc4 e6 10. Qf3 Bb4 11. 0-0 0-0 12. g5 Nd5 13. Ne4 Nd7 14. Bd3 Be7 15. c4 Nb4 16. Bd2 Qd8 17. Bb1 Na6 18. Kh1 c5 19. Be3 cxd4 20. Bxd4 e5 21. Be3 Qc7 22. Nc3 Nb6 23. b3 Rfe8 24. Be4 Nc5 25. Nb5 Qc8 26. Bf5 Ne6 27. Rad1 Nc5 1-0

[Event "Santo Domingo Duarte Memorial 8th"]
[Site "Santo Domingo"]
[Date "2019.01.26"]
[Round "6"]
[White "Crispin Ferreras, Darvi Abraham"]
[Black "Velez Espiritusantos, Brunildo E"]
[Result "1-0"]
[WhiteElo "2176"]
[BlackElo "1972"]
[PlyCount "101"]
[EventDate "2019.01.18"]
[EventType "swiss"]
[EventRounds "8"]
[EventCountry "DOM"]
[SourceTitle "CBM 188 Extra"]
[Source "ChessBase"]
[SourceDate "2019.02.26"]
[SourceVersion "1"]
[SourceVersionDate "2019.02.26"]
[SourceQuality "1"]

1. e4 d5 2. e5 c5 3. c3 Nc6 4. d4 cxd4 5. cxd4 Qb6 6. Ne2 Bf5 7. a3 e6 8. Nbc3 h6 9. b4 Be7 10. Be3 Bg4 11. h3 Bf5 12. Rc1 g5 13. Ng3 Bg6 14. Na4 Qd8 15. Nc5 Bxc5 16. Rxc5 Rc8 17. Qc1 Nce7 18. Bb5+ Kf8 19. 0-0 Kg7 20. f4 Rxc5 21. Qxc5 gxf4 22. Bxf4 a6 23. Be2 Nf5 24. Nxf5+ Bxf5 25. g4 Bg6 26. Bg3 Qg5 27. Qc1 Ne7 28. h4 Qxc1 29. Rxc1 Rc8 30. Rc5 Bc2 31. Kf1 Bb3 32. Ke1 b5 33. Kd2 Rxc5 34. dxc5 Nc6 35. Bf4 Bc4 36. Bd1 Kh7 37. Bc2+ Kg7 38. h5 Bf1 39. g5 Bh3 40. gxh6+ Kh8 41. a4 Nxb4 42. axb5 axb5 43. Bd3 Na6 44. Be3 Nc7 45. Kc3 Bf5 46. Be2 Kh7 47. Kb4 Bc2 48. c6 Ba4 49. Bd3+ Kh8 50. Bg5 Ne8 51. c7 1-0

[Event "Santo Domingo Duarte Memorial 8th"]
[Site "Santo Domingo"]
[Date "2019.01.19"]
[Round "2"]
[White "Ramirez Luzon, Franchesca"]
[Black "Velez Espiritusantos, Brunildo E"]
[Result "0-1"]
[WhiteElo "1652"]
[BlackElo "1972"]
[PlyCount "50"]
[EventDate "2019.01.18"]
[EventType "swiss"]
[EventRounds "8"]
[EventCountry "DOM"]
[SourceTitle "CBM 188 Extra"]
[Source "ChessBase"]
[SourceDate "2019.02.26"]
[SourceVersion "1"]
[SourceVersionDate "2019.02.26"]
[SourceQuality "1"]

1. e4 d5 2. exd5 Qxd5 3. Nc3 Qa5 4. Nf3 c6 5. d4 Nf6 6. Bd3 Bg4 7. 0-0 e6 8. Bf4 Be7 9. Ne4 0-0 10. Nxf6+ Bxf6 11. c3 Nd7 12. h3 Bh5 13. Qe2 Rfe8 14. Qe3 Bg6 15. g4 c5 16. Bxg6 hxg6 17. dxc5 Qxc5 18. Qxc5 Nxc5 19. Be3 Na4 20. Rab1 Red8 21. g5 Be7 22. Bd4 Rdc8 23. Rfd1 b6 24. h4 f6 25. Rd2 Bc5 0-1

[Event "Santo Domingo Duarte Memorial 8th"]
[Site "Santo Domingo"]
[Date "2019.01.19"]
[Round "3"]
[White "Velez Espiritusantos, Brunildo E"]
[Black "Jaquez, Juan Manuel"]
[Result "1-0"]
[WhiteElo "1972"]
[BlackElo "2218"]
[PlyCount "108"]
[EventDate "2019.01.18"]
[EventType "swiss"]
[EventRounds "8"]
[EventCountry "DOM"]
[SourceTitle "CBM 188 Extra"]
[Source "ChessBase"]
[SourceDate "2019.02.26"]
[SourceVersion "1"]
[SourceVersionDate "2019.02.26"]
[SourceQuality "1"]

1. d4 Nf6 2. c4 g6 3. Nc3 Bg7 4. e4 d6 5. Nf3 0-0 6. Be2 e5 7. dxe5 dxe5 8. 0-0 Nbd7 9. Qc2 c6 10. Rd1 Qe7 11. h3 a6 12. Be3 Re8 13. Rd2 Nh5 14. Rad1 a5 15. a3 Nf4 16. Bf1 Nc5 17. Bxc5 Qxc5 18. Na4 Qe7 19. Nb6 Rb8 20. Qc3 Qf6 21. Rd6 Nd5 22. R6xd5 cxd5 23. Nxd5 Qd8 24. Ne3 Qc7 25. Nd5 Qc5 26. Nd2 a4 27. Qc2 Bd7 28. Rc1 Bc6 29. Nb1 Red8 30. Nbc3 Ra8 31. Be2 Kh8 32. Rd1 Bh6 33. g3 Kg7 34. h4 Rf8 35. Bf3 Ra7 36. Qe2 b6 37. Nb4 Rd7 38. Nxc6 Qxc6 39. Rd5 Re7 40. Qd3 Rc8 41. Be2 Ra8 42. Rd6 Qc5 43. Rd5 Qc8 44. Qd1 Qe8 45. Rd6 Re6 46. Rd5 Kg8 47. Nb5 Rc6 48. Rd7 Bf8 49. Qd5 Rc5 50. Qd3 Rac8 51. Bg4 Rd8 52. Nc7 Rxd7 53. Bxd7 Qd8 54. Na8 Qxa8 1-0

[Event "DOM-ch"]
[Site "Santo Domingo"]
[Date "2016.04.17"]
[Round "11"]
[White "Velez Espiritusantos, Brunildo E"]
[Black "Jaquez, Juan Manuel"]
[Result "0-1"]
[WhiteElo "1994"]
[BlackElo "2195"]
[PlyCount "112"]
[EventDate "2016.04.01"]
[EventType "swiss"]
[EventRounds "11"]
[EventCountry "DOM"]
[SourceTitle "CBM 171 Extra"]
[Source "ChessBase"]
[SourceDate "2016.04.26"]
[SourceVersion "1"]
[SourceVersionDate "2016.04.26"]
[SourceQuality "1"]

1. d4 Nf6 2. c4 e6 3. Nf3 b6 4. e3 Bb7 5. Be2 Be7 6. Nc3 Bb4 7. Bd2 c5 8. 0-0 0-0 9. Ne5 d6 10. Bf3 Bxf3 11. Nxf3 Qe7 12. Rc1 Nbd7 13. Re1 Rfd8 14. Qe2 e5 15. dxe5 dxe5 16. e4 Bxc3 17. Bxc3 Ne8 18. Rcd1 Nc7 19. Nd2 Ne6 20. Nf1 Nd4 21. Qg4 Nf6 22. Qh4 Ne2+ 23. Kh1 Nxc3 24. bxc3 Rxd1 25. Rxd1 Rd8 26. Re1 Rd3 27. f3 Nd5 28. Qh3 Nxc3 29. Ne3 Qd7 30. Qg3 f6 31. Nd5 Nxd5 32. cxd5 c4 33. Qf2 Qc7 34. Qc2 b5 35. h3 Qa5 36. Rd1 Rd4 37. d6 Qd8 38. Rb1 Qd7 39. a4 a6 40. axb5 axb5 41. Qb2 Rxd6 42. Qxb5 Qxb5 43. Rxb5 Rc6 44. Kg1 Kf7 45. Kf2 h5 46. Rb2 h4 47. Rc2 Ke6 48. Ke2 Kd6 49. Kd2 Kc5 50. Kc3 Ra6 51. Rb2 Ra3+ 52. Kc2 Kd4 53. Kd1 c3 54. Rb7 Ra1+ 55. Kc2 Ra2+ 56. Kc1 Rxg2 0-1

[Event "Santo Domingo La Raza op"]
[Site "Santo Domingo"]
[Date "2015.10.19"]
[Round "5"]
[White "Barjan Pinedo, Jose Antonio"]
[Black "Velez Espiritusantos, Brunildo E"]
[Result "1-0"]
[WhiteElo "2025"]
[BlackElo "1987"]
[PlyCount "77"]
[EventDate "2015.10.12"]
[EventType "swiss"]
[EventRounds "8"]
[EventCountry "DOM"]
[SourceTitle "CBM 169 Extra"]
[Source "ChessBase"]
[SourceDate "2015.12.18"]
[SourceVersion "1"]
[SourceVersionDate "2015.12.18"]
[SourceQuality "1"]

1. e4 c6 2. d4 d5 3. e5 c5 4. c3 Nc6 5. Nf3 cxd4 6. cxd4 Bg4 7. Be2 e6 8. 0-0 Bxf3 9. Bxf3 Qb6 10. Be3 Qxb2 11. Nd2 Qb6 12. Rb1 Qc7 13. Qa4 Nge7 14. Rfc1 g6 15. Bg5 Bg7 16. Bxe7 Kxe7 17. Nb3 Rhc8 18. Nc5 Rab8 19. Qa3 Ke8 20. Qb2 Bh6 21. Rc2 Nd8 22. Be2 Qa5 23. Bb5+ Ke7 24. Nd7 Ra8 25. Nf6 Kf8 26. Nxh7+ Kg7 27. Nf6 Nc6 28. Bxc6 bxc6 29. g3 Rc7 30. h4 Kf8 31. Qb8+ Rc8 32. Qd6+ Kg7 33. Rb7 Rf8 34. Qxc6 Rac8 35. Qxc8 Rxc8 36. Rxc8 Qe1+ 37. Kg2 Be3 38. Rg8+ Kh6 39. Rh8+ 1-0

[Event "DOM-ch"]
[Site "Santo Domingo"]
[Date "2015.05.09"]
[Round "6"]
[White "Velez Espiritusantos, Brunildo E"]
[Black "Munoz Santana, Jose Lisandro"]
[Result "1/2-1/2"]
[WhiteElo "2057"]
[BlackElo "2439"]
[PlyCount "77"]
[EventDate "2015.05.01"]
[EventType "swiss"]
[EventRounds "11"]
[EventCountry "DOM"]
[SourceTitle "CBM 166 Extra"]
[Source "ChessBase"]
[SourceDate "2015.06.18"]
[SourceVersion "1"]
[SourceVersionDate "2015.06.18"]
[SourceQuality "1"]

1. d4 Nf6 2. c4 c5 3. d5 g6 4. Nc3 Bg7 5. e4 d6 6. Bd3 0-0 7. Nge2 Na6 8. 0-0 Nc7 9. Ng3 Rb8 10. Bd2 a6 11. a4 Bd7 12. Qe2 Re8 13. Rab1 e6 14. Qd1 b5 15. e5 dxe5 16. d6 Ncd5 17. cxd5 exd5 18. axb5 axb5 19. Bg5 Bc6 20. Nxd5 Bxd5 21. Bxf6 Qxf6 22. Bxb5 Bxg2 23. Bxe8 Bxf1 24. Bxf7+ Qxf7 25. Kxf1 e4 26. Qe2 Bd4 27. Nxe4 Qa2 28. Qc2 Kg7 29. Qd3 Rb3 30. Qc2 Rh3 31. Kg2 Rh4 32. Re1 Qe6 33. Qd3 Rf4 34. f3 Rh4 35. Qe2 Rh5 36. Kh1 Be5 37. Ng3 Rg5 38. Ne4 Rh5 39. Ng3 1/2-1/2

[Event "Santo Domingo op U2100"]
[Site "Santo Domingo"]
[Date "2015.02.13"]
[Round "5"]
[White "Mejia, Juan"]
[Black "Velez Espiritusantos, Brunildo E"]
[Result "0-1"]
[WhiteElo "1934"]
[BlackElo "2053"]
[PlyCount "108"]
[EventDate "2015.02.06"]
[EventType "swiss"]
[EventRounds "8"]
[EventCountry "DOM"]
[SourceTitle "CBM 164 Extra"]
[Source "ChessBase"]
[SourceDate "2015.03.02"]
[SourceVersion "1"]
[SourceVersionDate "2015.03.02"]
[SourceQuality "1"]

1. d4 d5 2. c4 c6 3. Nf3 Nf6 4. Nc3 e6 5. Bg5 Be7 6. e3 dxc4 7. Bxc4 Nd5 8. Bxe7 Qxe7 9. 0-0 0-0 10. Ne4 Nd7 11. Rc1 N5f6 12. Bd3 g6 13. Rc3 e5 14. dxe5 Nxe4 15. Bxe4 Nxe5 16. Qc2 Nxf3+ 17. Bxf3 Be6 18. a3 Rad8 19. Rd1 Bf5 20. Qc1 Rxd1+ 21. Bxd1 Rd8 22. f3 Qd6 23. Be2 Qd2 24. Kf1 Qd6 25. e4 Be6 26. Rd3 Qc7 27. Rxd8+ Qxd8 28. Qf4 c5 29. Qe5 b6 30. Kf2 h5 31. Ke3 Qd7 32. f4 Bg4 33. Bd3 Be6 34. f5 Bb3 35. fxg6 fxg6 36. Qf6 Bf7 37. h3 b5 38. Qe5 c4 39. Be2 a6 40. Qd4 Qe7 41. e5 b4 42. Qd6 Qg5+ 43. Kf2 c3 44. bxc3 bxc3 45. e6 Qf6+ 46. Ke3 Bxe6 47. Bd3 Qg5+ 48. Kd4 Qf6+ 49. Kc5 Kg7 50. Qd4 Bb3 51. Qd7+ Kh6 52. Kb4 Bf7 53. Qc7 Qd4+ 54. Ka5 Qxd3 0-1

[Event "Santo Domingo op U2100"]
[Site "Santo Domingo"]
[Date "2015.02.08"]
[Round "4"]
[White "Velez Espiritusantos, Brunildo E"]
[Black "Jimenez Matos, Jimmy"]
[Result "1-0"]
[WhiteElo "2053"]
[BlackElo "1926"]
[PlyCount "71"]
[EventDate "2015.02.06"]
[EventType "swiss"]
[EventRounds "8"]
[EventCountry "DOM"]
[SourceTitle "CBM 164 Extra"]
[Source "ChessBase"]
[SourceDate "2015.03.02"]
[SourceVersion "1"]
[SourceVersionDate "2015.03.02"]
[SourceQuality "1"]

1. d4 c6 2. c4 d5 3. cxd5 cxd5 4. Nf3 Nf6 5. e3 e6 6. Bd3 Bd6 7. Nc3 Bd7 8. 0-0 a6 9. Ne5 Nc6 10. f4 Rc8 11. Rf3 Nb4 12. Bb1 h6 13. a3 Nc6 14. Rg3 Rg8 15. Bd2 Qb6 16. b4 Ne7 17. Bd3 Nf5 18. Bxf5 exf5 19. Rc1 Be7 20. Rf3 Bd6 21. Kh1 Be7 22. Rf1 h5 23. h3 Bd6 24. Be1 Be7 25. Bh4 Qd6 26. Bxf6 gxf6 27. Nxd7 Kxd7 28. Qxh5 Qe6 29. Qf3 Kd6 30. Na4 Qe4 31. Nc5 Qxf3 32. gxf3 Rc7 33. Kh2 Rgc8 34. Nxb7+ Kd7 35. Rxc7+ Rxc7 36. Nc5+ 1-0

[Event "Santo Domingo op"]
[Site "Santo Domingo"]
[Date "2010.06.03"]
[Round "2"]
[White "Velez Espiritusantos, Brunildo E"]
[Black "Perez Garcia, Rodney Oscar"]
[Result "0-1"]
[WhiteElo "2137"]
[BlackElo "2424"]
[PlyCount "85"]
[EventDate "2010.06.02"]
[EventType "swiss"]
[EventRounds "9"]
[EventCountry "DOM"]
[SourceTitle "EXT 2011"]
[Source "ChessBase"]
[SourceDate "2010.11.26"]
[SourceVersion "1"]
[SourceVersionDate "2010.11.26"]
[SourceQuality "1"]

1. d4 d6 2. c4 e5 3. dxe5 dxe5 4. Qxd8+ Kxd8 5. Nc3 Be6 6. e4 Nd7 7. Be3 Bc5 8. Bxc5 Nxc5 9. 0-0-0+ Nd7 10. Nf3 f6 11. Be2 a5 12. Nd5 Kc8 13. Bd3 Bg4 14. Rhg1 c6 15. Ne3 Bxf3 16. gxf3 g6 17. h4 Ne7 18. Bf1 Kc7 19. Bh3 Nc5 20. Kc2 h5 21. b3 Rhd8 22. Kc3 b6 23. a3 Rxd1 24. Rxd1 Rd8 25. Rxd8 Kxd8 26. b4 Nb7 27. Kd3 g5 28. Ng2 Ng6 29. hxg5 fxg5 30. Bf5 Nf4+ 31. Nxf4 gxf4 32. Bg6 h4 33. Bf5 c5 34. b5 a4 35. Bh3 Nd6 36. Kc3 Nf7 37. Kd2 Ng5 38. Bg2 h3 39. Bh1 Ne6 40. Ke2 Ke7 41. Kd2 Kf6 42. Ke2 Ng5 43. Kd3 0-1

[Event "DOM-ch"]
[Site "Santo Domingo"]
[Date "2010.04.16"]
[Round "5"]
[White "Montes de Oca Valerio, Alexis Valerio"]
[Black "Velez Espiritusantos, Brunildo E"]
[Result "1-0"]
[WhiteElo "2268"]
[BlackElo "2152"]
[PlyCount "95"]
[EventDate "2010.04.09"]
[EventType "swiss"]
[EventRounds "11"]
[EventCountry "DOM"]
[SourceTitle "EXT 2012"]
[Source "ChessBase"]
[SourceDate "2011.11.24"]
[SourceVersion "1"]
[SourceVersionDate "2011.11.24"]
[SourceQuality "1"]

1. e4 c6 2. d4 d5 3. Nd2 dxe4 4. Nxe4 Bf5 5. Ng3 Bg6 6. h4 h6 7. Nh3 Nf6 8. Bc4 e6 9. Nf4 Bh7 10. Qe2 Nd5 11. c3 Nd7 12. Nxd5 cxd5 13. Bxd5 Be7 14. Bxb7 Rb8 15. Be4 Bxh4 16. Nh5 Bf6 17. Bxh7 Rxh7 18. Bf4 Rc8 19. Qa6 Ra8 20. Qb7 Kf8 21. Nxf6 Nxf6 22. Bc7 Qd5 23. Bd6+ Kg8 24. Qxd5 exd5 25. 0-0 Ne4 26. Ba3 g6 27. Rad1 f6 28. f3 Ng3 29. Rfe1 Rd7 30. Re6 Kf7 31. Rde1 Ne4 32. Ra6 Ng5 33. Bc5 Rb8 34. b3 Rbb7 35. c4 dxc4 36. bxc4 h5 37. d5 Rbc7 38. Bd4 Nh7 39. d6 Rxc4 40. Rxa7 Rxa7 41. Bxa7 Nf8 42. Re7+ Kg8 43. d7 Rc1+ 44. Kh2 Rd1 45. Re8 Rxd7 46. Bc5 Rf7 47. a4 Kg7 48. Bxf8+ 1-0

[Event "Santo Domingo op"]
[Site "Santo Domingo"]
[Date "2006.11.06"]
[Round "9"]
[White "De Los Santos Nunez, Eddy"]
[Black "Velez Espiritusantos, Brunildo E"]
[Result "1/2-1/2"]
[WhiteElo "2191"]
[BlackElo "2218"]
[PlyCount "22"]
[EventDate "2006.10.31"]
[EventType "swiss"]
[EventRounds "9"]
[EventCountry "DOM"]
[SourceTitle "EXT 2007"]
[Source "ChessBase"]
[SourceDate "2006.11.23"]
[SourceVersion "1"]
[SourceVersionDate "2006.11.23"]
[SourceQuality "1"]

1. e4 c6 2. d4 d5 3. exd5 cxd5 4. c4 dxc4 5. Bxc4 e6 6. Nf3 Nf6 7. Nc3 Be7 8. Bg5 0-0 9. 0-0 Nc6 10. Bb3 b6 11. Rc1 Bb7 1/2-1/2

[Event "Santo Domingo op"]
[Site "Santo Domingo"]
[Date "2006.11.03"]
[Round "6"]
[White "Velez Espiritusantos, Brunildo E"]
[Black "Steel Stephen, Daniel Alberto"]
[Result "1-0"]
[WhiteElo "2218"]
[BlackElo "2055"]
[PlyCount "85"]
[EventDate "2006.10.31"]
[EventType "swiss"]
[EventRounds "9"]
[EventCountry "DOM"]
[SourceTitle "EXT 2007"]
[Source "ChessBase"]
[SourceDate "2006.11.23"]
[SourceVersion "1"]
[SourceVersionDate "2006.11.23"]
[SourceQuality "1"]

1. d4 c5 2. d5 Nf6 3. c4 b5 4. cxb5 a6 5. Nc3 axb5 6. Nxb5 Ba6 7. Nc3 g6 8. g3 Bg7 9. Bg2 d6 10. Nf3 0-0 11. 0-0 Nbd7 12. Re1 Qc7 13. h3 Rfb8 14. e4 Rb4 15. a3 Rb7 16. Bf1 Bxf1 17. Kxf1 Ne8 18. Kg2 Nb6 19. Nd2 Qd7 20. Qc2 Nc7 21. Rb1 Na4 22. Nxa4 Rxa4 23. b3 Ra8 24. a4 Na6 25. Ba3 Rab8 26. Nc4 Nb4 27. Bxb4 Rxb4 28. Na5 Re8 29. Nc6 Rb7 30. a5 e6 31. a6 Rc7 32. b4 exd5 33. exd5 Rxe1 34. Rxe1 Rxc6 35. dxc6 Qxc6+ 36. Qe4 Qxa6 37. Qe8+ Bf8 38. b5 Qa5 39. Re7 Qa2 40. b6 Qd5+ 41. Kh2 c4 42. b7 Kg7 43. b8Q 1-0